Bats of Cat Tien national park: diversity, echolocation and taxonomic remarks /

Đã lưu trong:
Sonraí Bibleagrafaíochta
Príomhúdar: Vu Dinh Thong.
Formáid: Bài viết
Teanga:Vietnamese
Ábhair:
Clibeanna: Cuir Clib Leis
Gan Chlibeanna, Bí ar an gcéad duine leis an taifead seo a chlibeáil!
Thư viện lưu trữ: Thư viện Trường Đại học Đà Lạt
LEADER 00828nam a2200301 4500
001 DLU190190197
005 ##2019329
040 # # |a DLU  |b vie 
041 # # |a vie 
044 # # |a vn 
100 # # |a Vu Dinh Thong. 
245 # # |a Bats of Cat Tien national park: diversity, echolocation and taxonomic remarks /  |c Vu Dinh Thong. 
653 # # |a Chiroptera 
653 # # |a Conservation 
653 # # |a Echolocation 
653 # # |a Mammalia 
653 # # |a Taxonomy 
653 # # |a Training 
773 # # |t Tạp chí Sinh học  |g Số 3, 2015, tr. 336-343 
920 # # |a Phòng Sau đại học -- Trung tâm Thông tin - Thư viện Trường Đại học Đà Lạt 
994 # # |a DLU 
900 # # |a True 
911 # # |a Hoàng Thị Huyền 
925 # # |a G 
926 # # |a A 
927 # # |a BB 
980 # # |a Thư viện Trường Đại học Đà Lạt